Alle Alben - RAF Camora - Statistiken

Allgemein
  • Dieses Quiz wurde 175 mal gespielt
    15 seit der letzten Aktualisierung
  • Das Durchschnittsergebnis liegt bei 16 aus 26
Antwortstatistiken
Jahr Album % Korrekt
2016 Palmen aus Plastik
92%
2018 Palmen aus Plastik 2
92%
2022 Palmen aus Plastik 3
92%
2019 Zenit
92%
2017 Anthrazit
85%
2025 FOREVER
85%
2016 Ghøst
85%
2023 XV
85%
2021 Zukunft
85%
2021 Zukunft II
77%
2016 Schwarze Materie
69%
2016 Tannen aus Plastik
62%
2010 Therapie nach dem Album
62%
2008 Therapie vor dem Album
62%
2017 Schwarze Materie II
54%
2012 Therapie nach dem Tod
54%
2014 Die schwarze EP
46%
2015 Die weiße EP
46%
2009 Nächster Stopp Zukunft
38%
2012 RAF 3.0
38%
2018 Vulcano EP
38%
2010 Artkore
31%
2010 Inedit 2003-2010
31%
2013 Hoch 2
23%
2014 Zodiak
23%
2006 Skandal
15%
Keine übereinstimmenden Quizze gefunden
Verteilung der Resultate
Anzahl Personen mit jedem Resultat
Perzentil nach korrekt beantworteten Fragen
Ihre Resultats-Entwicklung
Sie haben dieses Quiz seit der letzten Aktualisierung nicht gespielt